Skupinová diskusia ako metóda kvalitatívneho prieskumu diplomová práca

Salvato in:
Dettagli Bibliografici
Autore principale: Marčeková, Denisa
Ente Autore: Obchodná fakulta EU. Katedra marketingu
Altri autori: Vokounová, Dana, 1962-
Natura: Libro
Lingua:slovacco
Pubblicazione: Bratislava 2012
Tags: Aggiungi Tag
Nessun Tag, puoi essere il primo ad aggiungerne!!

MARC

LEADER 00000nbm a2200000 4500
001 0158821
005 20161109102210.4
041 0 |a slo 
044 |a SK 
245 1 0 |a Skupinová diskusia ako metóda kvalitatívneho prieskumu  |b diplomová práca  |c Denisa Marčeková ; školiteľ: Dana Vokounová 
264 1 |a Bratislava  |c 2012 
300 |a 77 s. 
100 1 |a Marčeková, Denisa 
700 1 |a Vokounová, Dana, 1962- 
710 2 |a Obchodná fakulta EU. Katedra marketingu